Dark sun: A study of D.H Lawrence / (Record no. 8879)
[ view plain ]
| 000 -LEADER | |
|---|---|
| fixed length control field | 00380cam a2200145ua 4500 |
| 041 ## - LANGUAGE CODE | |
| Language code of text/sound track or separate title | eng |
| 082 ## - DEWEY DECIMAL CLASSIFICATION NUMBER | |
| Classification number | 828.09 |
| Item number | HOU/DA |
| 100 ## - MAIN ENTRY--AUTHOR NAME | |
| Personal name | Hough, Graham . |
| 245 ## - TITLE STATEMENT | |
| Title | Dark sun: A study of D.H Lawrence / |
| 260 ## - PUBLICATION, DISTRIBUTION, ETC. (IMPRINT) | |
| Place of publication | London : |
| Name of publisher | Gerald Duckworth and Co. Ltd. , |
| Year of publication | 1956. |
| 300 ## - PHYSICAL DESCRIPTION | |
| Number of Pages | 265 ; . |
| 942 ## - ADDED ENTRY ELEMENTS (KOHA) | |
| Koha item type | Books |
| Withdrawn status | Lost status | Damaged status | Home library | Current library | Date acquired | Cost, normal purchase price | Full call number | Accession Number | Koha item type |
|---|---|---|---|---|---|---|---|---|---|
| Withdrawn | KAUAET | KAUAET | 07/04/2012 | 25.00 | 828.09 | 7050 | Books |
